00000000nam##2200000za#4500
0019.698498
003CaOODSP
00520231102095717
007cr |||||||||||
008150407|2010||||xxc|||||o    f|0| 0 eng|d
040 |aCaOODSP|beng
043 |an-cn---
0861 |aD74-6/2010E-PDF
1102 |aOffice of the National Defence and Canadian Forces Ombudsman.
24514|aThe Canadian Forces grievance process : |h[electronic resource]|bmaking it right for those who serve / |c[by] Pierre Daigle.
2461 |iAt head of title : |aSpecial report to the Minister of National Defence
260 |aOttawa - Ontario : |bOffice of the National Defence and Canadian Forces Ombudsman |cMay 2010.
300 |a33p.
590 |a13-23-Supp|b2013-10-08
69007|aComplaints|2gcpds
69007|aMilitary personnel|2gcpds
77508|tLe processus de règlement des griefs des Forces canadiennes : |w(CaOODSP)9.642505
85640|ahttp://publications.gc.ca|qPDF|s599 KB|uhttps://publications.gc.ca/collections/collection_2013/dn-nd/D74-6-2010-eng.pdf